| 000 | 00543nam a2200181Ia 4500 | ||
|---|---|---|---|
| 003 | GCL | ||
| 008 | 140319s9999 xx 000 0 eng d | ||
| 040 |
_aGCL / _cGCL |
||
| 082 | 0 | 4 |
_a320.9496 _bX D |
| 100 | 1 | _aXHUDO, GAZMEN | |
| 245 | 1 | 0 |
_aDIPLOMACY AND CRISIS MANAGEMENT IN THE BULKANS: A U.S FOREIGN POLICY PERSPECTIVE / _cXHUDO, GAZMEN |
| 260 |
_a[S.N] : _bST. MARTINS PRESS ، _c1996 |
||
| 300 | _a207 P | ||
| 650 | 0 | 4 | _aBOSNIA AND HERCEGOVINA |
| 650 | 0 | 4 | _aBALKAN PENINSULA |
| 650 | 0 | 4 | _aALBANIA - FOREIGN RELATIONS |
| 942 |
_2ddc _cBK |
||
| 999 |
_c14413 _d14413 |
||